Paroles du générique de Jimmy Neutron - Statistiques

Statistiques générales
  • Ce quiz a été pris 87 fois
  • Le résultat moyen est 33 sur 43
Statistiques - réponses
Paroles % Correct
Un
91%
Un
91%
un
91%
un
91%
à
90%
de
87%
de
87%
les
87%
les
87%
Terre
87%
Jimmy
85%
Neutron !
85%
Pluton,
85%
la
84%
la
84%
la
84%
Avec
79%
bonbons.
79%
inventions !
79%
nourri
79%
aux
78%
doué
76%
gamin
76%
pour
76%
chien
74%
génial,
74%
robot
74%
esprit
72%
chanson
71%
magistral,
71%
Je
69%
planète
69%
Voici
68%
destruction !
66%
gaz !
65%
mets
65%
sauve
63%
Deux
62%
il
62%
Trois
62%
s'envole,
56%
jour
54%
chaque
50%
Aucun quiz correspondant
Distribution des résultats
% des personnes avec chaque résultat
Percentile par nombre de réponses
Votre historique - résultats
Vous n’avez pas pris ce quiz